000 01121cam a22002894a 4500
001 12856396
003 ARRUPE
005 20151029123113.0
008 020716s2003 nyu 001 0 eng
010 _a 2002028705
020 _a1585422045 (alk. paper)
040 _aDLC
_cDLC
_dDLC
042 _apcc
050 0 0 _aBL53
_b.Z84 2003
082 0 0 _a291. 4/2
_221
100 1 _aZweig, Connie.
_920765
245 1 4 _aThe holy longing :
_bthe hidden power of spiritual yearning /
_cConnie Zweig.
260 _aNew York :
_bJeremy P. Tarcher/Putnam,
_cc2003.
300 _a238 p. ;
_c22 cm.
500 _aIncludes index.
650 0 _aPsychology, Religious.
_920766
856 4 2 _3Publisher description
_uhttp://www.loc.gov/catdir/enhancements/fy0720/2002028705-d.html
856 4 2 _3Contributor biographical information
_uhttp://www.loc.gov/catdir/enhancements/fy0720/2002028705-b.html
906 _a7
_bcbc
_corignew
_d1
_eocip
_f20
_gy-gencatlg
942 _2lcc
_cMONOGRAPH
999 _c123687
_d123687